| 000 | 01677cam a22004694i 4500 | ||
|---|---|---|---|
| 003 | PE-LiUPU | ||
| 005 | 20250731173232.0 | ||
| 008 | 150625s1981 sp r 000 0 spa d | ||
| 020 | _a8433005758 | ||
| 020 | _a9788433005755 | ||
| 035 | _a(Sirsi) a34728 | ||
| 040 |
_aPE-LiUPU _bspa _cPE-LiUPU _erda |
||
| 049 | _aPRUA | ||
| 082 | 0 | 4 |
_a262.001 _bL14 _221 |
| 100 | 1 |
_aLachaga, Jose Maria, _eautor. |
|
| 245 | 1 | 0 |
_aIglesias particulares y grupos etnicos / _cJose Maria Lachaga. |
| 264 | 1 |
_aBilbao : _bDesclée de Brouwer, _c1981. |
|
| 300 |
_a147 páginas ; _c21 centímetros |
||
| 336 |
_atext _2rdacontent |
||
| 337 |
_aunmediated _2rdamedia |
||
| 338 |
_avolume _2rdacarrier |
||
| 504 | _aBibliografía: páginas 141-147. | ||
| 505 | 0 | _aNaturaleza de la iglesia particular -- La iglesia particular, única respuesta para las necesidades pastorales de los grupos étnicos -- Estructura de crecimiento de la iglesia particular. | |
| 526 | _aSEG42 | ||
| 526 | _aSEG41 | ||
| 526 | _aSEG40 | ||
| 526 | _aSEG39 | ||
| 526 | _aP94 | ||
| 526 | _aP87 | ||
| 526 | _aP86 | ||
| 526 | _aP85 | ||
| 526 | _aP77 | ||
| 526 | _aP76 | ||
| 526 | _aP35 | ||
| 910 |
_adbm _bncf _cncf _d20190605 |
||
| 942 |
_2ddc _cBOOK |
||
| 949 |
_a262.001 L14 _wDEWEY _c1 _i28689 _lCCODEBUL1 _mBUL _p00.00 _r0 _sY _tBOOK _u2015-06-25 _xBIBLIOTECA _zUNKNOWN _0COMPRA _o.STAFF. Colección Teología |
||
| 994 |
_aC0 _bPEPRU |
||
| 596 | _a1 | ||
| 999 |
_a262.001 L14 _wDEWEY _c42616 _i28689 _f2021-11-12 _g6 _lCCODEBUL1 _mBUL _p15.00 _r0 _sY _tBOOK _u2015-6-25 _xTEOLOGIA _PP35 _0COMPRA _o.STAFF. Colección Teología _d42616 |
||
| 980 |
_81 _gALBERTO SANCHEZ Responsable de Automatización |
||